| 000 | 00349nam a22001337a 4500 | ||
|---|---|---|---|
| 005 | 20260216152034.0 | ||
| 020 | _a9781639874750 | ||
| 100 |
_aFinley , Jaron _99933 |
||
| 245 | _aRecent advances in condensed matter physics | ||
| 260 |
_aUSA: _bMurphy & Moore, _c2022. |
||
| 300 | _avi,230p. | ||
| 650 |
_aSolid state physics _99871 |
||
| 942 |
_2ddc _cBK |
||
| 999 |
_c756162 _d756162 |
||